Estatísticas para Países do Mundo em 1914 com um Mapa

Clique aqui para jogar o quiz

Estatísticas Gerais

  • Esse quiz foi jogado 10 242 vezes
  • A pontuação média é 47 de 59

Respostas no mapa

Respostas codificadas por cores de uma escala verde-vermelha no mapa do quiz de acordo com a % correta abaixo.
 

Estatísticas das Respostas

Country% Correto
Brasil
98%
Estados Unídos
97%
Rússia
97%
Canadá
96%
China
96%
França
96%
Argentina
95%
Espanha
95%
México
95%
Portugal
95%
Austrália
94%
Chile
94%
Reino Unído
94%
Itália
93%
Japão
93%
Uruguai
93%
Alemanha
92%
Bolívia
92%
Colombia
92%
Paraguai
92%
Peru
92%
Venezuela
92%
África do Sul
90%
Equador
90%
Dinamarca
88%
Noruéga
87%
Suécia
87%
Cuba
86%
Nova Zelândia
84%
Países Baixos
84%
Panamá
82%
Bélgica
81%
Grécia
80%
Pérsia
77%
Suíça
77%
Áustria-Hungria
76%
Costa Rica
74%
Haiti
73%
Honduras
73%
Guatemala
72%
Nicaragua
72%
El Salvador
70%
Nepal
70%
Sião
67%
Etiópia
66%
República Dominicana
66%
Sérvia
64%
Andorra
63%
Romenia
63%
Bulgária
61%
Monaco
61%
Albânia
60%
Luxemburgo
60%
San Marino
59%
Império Otomano
58%
Liechtenstein
52%
Montenegro
49%
Libéria
48%
Terra Nova
21%

Distribuição das Pontuações

Percentil de Números Respondidos

Porcentagem de Pessoas com Cada Pontuação

Sua Pontuação Histórica

Você não jogou esse quiz